00363nam a22001337a 450000500170000000800410001704100130005808200120007110000130008324500350009626000450013130000280017665000250020420240724144205.0240724b |||||||| |||| 00| 0 eng d aEnglish  a349 SOU lEnglish  aThe South African Law Reports  aCape Town:bJuta and Company Ltd, c1929 bx, 484 pages; c25 cm.  aLegal practicebLaw